Analysis of The Financial Performance of The Most Holy Rosary Multi-Purpose Cooperativa Calendar 2010-2014/ (Record no. 77940)

MARC details
000 -LEADER
fixed length control field 02149nam a22002657a 4500
003 - CONTROL NUMBER IDENTIFIER
control field URS
005 - DATE AND TIME OF LATEST TRANSACTION
control field 20240416181809.0
008 - FIXED-LENGTH DATA ELEMENTS--GENERAL INFORMATION
fixed length control field 240308b |||||||| |||| 00| 0 eng d
050 00 - LIBRARY OF CONGRESS CALL NUMBER
Classification number LG 221.R59
Item number E12512015
100 1# - MAIN ENTRY--PERSONAL NAME
Personal name Eleazar, Mitzi A.
Relator term Researcher
245 ## - TITLE STATEMENT
Title Analysis of The Financial Performance of The Most Holy Rosary Multi-Purpose Cooperativa Calendar 2010-2014/
Statement of responsibility, etc. Gupit, Johnmerk O. [and] Tud, Roma G.
264 #1 - PRODUCTION, PUBLICATION, DISTRIBUTION, MANUFACTURE, AND COPYRIGHT NOTICE
Date of production, publication, distribution, manufacture, or copyright notice 2015
300 ## - PHYSICAL DESCRIPTION
Extent viii, 63 leaves
Other physical details Illustration
Dimensions 28 cm
336 ## - CONTENT TYPE
Source text
Content type term rdacontent
337 ## - MEDIA TYPE
Source rdamedia
Media type term unmediated
338 ## - CARRIER TYPE
Source rdacarrier
Carrier type term volume
502 ## - DISSERTATION NOTE
Dissertation note Undergraduate Thesis
Degree type Bachelor of Science in Business Administration Major in Financial Management
Name of granting institution University of Rizal System, Rodriguez, Rizal
Year degree granted 2015
520 ## - SUMMARY, ETC.
Summary, etc. This study aimed to determine the Analysis on the Financial Performance of the Most Holy Rosary Multi-Purpose Cooperative for Calendar Year 2010- 2014. This was conducted during 2014-2015 at Rodriguez, Rizal This study utilized the qualitative method using Documentary Analysis. The documentary analysis of research was used in this study in order to present the important information about the Financial Performance of the Most Holy Rosary Multi-Purpose Cooperative, Calendar Year 2010-2014. For better result and accuracy of interpretation on the gathered data, the researchers used P.E.S.O.S Ratio which means PORTFOLIO QUALITY RATIOS, EFFICIENCY RATIOS, STABILITY RATIOS, OPERATIONS, STRUCTURE OF ASSETS to determine the profile of the cooperative in terms of years in operation, number of members, and number of branches and also to know the Financial Performance of the MHRMC during the Calendar Year 2010-2014. Documentary research was employed to get reliable data pertinent to the analysis.
650 ## - SUBJECT ADDED ENTRY--TOPICAL TERM
Source of heading or term Analysis on the Financial Performance of the Most Holy Rosary Multi-Purpose Cooperative for Calendar Year 2010- 2014
700 ## - ADDED ENTRY--PERSONAL NAME
Personal name Gupit, Johnmerk O
Relator term Researcher
700 ## - ADDED ENTRY--PERSONAL NAME
Personal name Tud, Roma G.
Relator term Researcher
700 ## - ADDED ENTRY--PERSONAL NAME
Personal name Madriaga, Elsa Mia
Relator term Adviser
856 ## - ELECTRONIC LOCATION AND ACCESS
Materials specified Online Request for Student Unpublished Works
Uniform Resource Identifier <a href="https://forms.gle/7LqvGGkaDrUQqz429">https://forms.gle/7LqvGGkaDrUQqz429</a>
942 ## - ADDED ENTRY ELEMENTS (KOHA)
Source of classification or shelving scheme Library of Congress Classification
Koha item type Theses and dissertations

No items available.

University of Rizal System
Email us at univlibservices@urs.edu.ph

Visit our Website www.urs.edu.ph/library